000 00480nam a2200169Ia 4500
999 _c32692
_d32692
003 OSt
005 20201001153717.0
008 190216s9999||||xx |||||||||||||| ||und||
040 _coclc
082 _a560
_bBEE/S
100 _a Beerbower, James R
_95296
245 0 _aSearch Of The Past /
_c James R Beerbower
260 _bPrentice Hall Of India,
_aNew Delhi:
_c1965.
300 _a562p
650 _aPhysics
942 _cBK
_2ddc
_h560
_iBEE/S
_k560
_mBEE/S